000 00527nam a2200193Ia 4500
005 20260120131251.0
008 008 260114s9999 xx 000 0 eng d
020 _a9780191748363
037 _aEBOOK
040 _aCRL
_beng
_cCRL
041 _aeng
_2eng
084 _qCRL
100 _aBlatti, Lapointe
_9924934
245 0 _aOntology after Carnap
260 _bOxford University PressOxford University Press
_c2016
856 _uhttps://academic.oup.com/book/3112
942 _cEBOOK
999 _c1516848
_d1516848